000 005000000a22001810004500
003 LK-CoMWRAF
005 20230928222242.0
008 230817t ||||| |||| 00| 0 eng d
040 _aLK-CoMWRAF
_dLK-CoMWRAF
_eLK-CoMWRAF
041 _aeng
082 _a297
_bKHW
100 _aKhwaja, Jamal
245 _aQuest for Islam :
_bA Philosopher's approach
260 _aIndia :
_bAllied publishers private Limited,
_c1977
300 _axvi, 292 p. ; 22 cm.
650 _a Islam--Doctrines
942 _cBK
999 _c1864
_d1864